[Event "4th GRENKE Open 2019"]
[Site "Karlsruhe"]
[Date "2019.04.19"]
[Round "2.14"]
[White "Bosiocic, Marin"]
[Black "Raupp, Thomas"]
[Result "1-0"]
[WhiteElo "2613"]
[BlackElo "2270"]
[Annotator "TA"]
[PlyCount "70"]
[EventDate "2019.04.18"]
[EventType "swiss"]
[EventCountry "GER"]
[SourceTitle "playchess.com"]
[Source "ChessBase"]
[SourceQuality "1"]

1. e4 c5 2. Nf3 Nc6 3. Bb5 g6 4. Bxc6 dxc6 5. O-O Bg7 6. d3 Nf6 7. Re1 Nd7 8. e5 Nf8 9. Be3 b6 10. h3 Ne6 11. Qd2 h6 12. a4 a5 13. Na3 Ba6 14. Rad1 Qc7 15. d4 O-O-O 16. c3 Rd7 17. Qc2 Rhd8 18. Qb3 Qb7 19. Nc4 Bxc4 20. Qxc4 Rd5 21. Rc1 Kd7 22. Qb3 Ke8 23. dxc5 Nxc5 24. Bxc5 Rxc5 25. e6 f5 26. Nh4 g5 27. Nf3 Qc7 28. c4 Bf6 29. Rcd1 Rd6 30. Rxd6 exd6 31. Qc2 Qg7 32. Qd3 Ke7 33. g4 fxg4 34. hxg4 h5 35. Rd1 hxg4 1-0

[Event "4th GRENKE Open 2019"]
[Site "Karlsruhe"]
[Date "2019.04.19"]
[Round "2.15"]
[White "Frank, Emanuel"]
[Black "Tabatabaei, M.amin"]
[Result "0-1"]
[WhiteElo "2277"]
[BlackElo "2612"]
[Annotator "TA"]
[PlyCount "166"]
[EventDate "2019.04.18"]
[EventType "swiss"]
[EventCountry "GER"]
[SourceTitle "playchess.com"]
[Source "ChessBase"]
[SourceQuality "1"]

1. d4 Nf6 2. c4 g6 3. Nc3 d5 4. Bf4 Bg7 5. e3 O-O 6. Rc1 Be6 7. cxd5 Nxd5 8. Nxd5 Qxd5 9. b3 Na6 10. Nf3 Rac8 11. Qd2 c5 12. Bc4 Qf5 13. Bd3 Qh5 14. O-O cxd4 15. exd4 Rfd8 16. Ng5 Rxc1 17. Rxc1 Bxd4 18. Nxe6 fxe6 19. Qe2 Qxe2 20. Bxe2 Nc5 21. Bc4 Kf7 22. Kf1 a6 23. Rd1 b5 24. Be2 Kf6 25. Bc7 Rd7 26. Bb6 Rb7 27. Bxc5 Bxc5 28. Bf3 Rb8 29. Rc1 Bd6 30. Rc6 a5 31. Ke2 a4 32. Ra6 axb3 33. axb3 b4 34. Bc6 Ke5 35. Kd3 Rf8 36. Ra5+ Kf6 37. g3 Kg7 38. f4 Rc8 39. Ra6 e5 40. fxe5 Bxe5 41. Ke4 Bd6 42. Kf3 Rf8+ 43. Kg2 Rf5 44. Ra2 Rc5 45. Bd7 h5 46. Be6 g5 47. Rf2 Rc1 48. Rf1 Rc3 49. Rf7+ Kg6 50. Rf3 Bc5 51. Bf5+ Kg7 52. Rxc3 bxc3 53. h3 Kf6 54. g4 Ke5 55. Kf3 h4 56. Bc2 Bb6 57. Bg6 Kd4 58. Bc2 Bc7 59. Be4 e6 60. Bc2 Kc5 61. Ke2 Be5 62. Kf3 Kb4 63. Ke2 Ka3 64. Kd1 Bd6 65. Ke2 Kb2 66. Kd1 Bc5 67. Be4 Kxb3 68. Bc2+ Kc4 69. Ke2 Bd6 70. Kf3 Bf4 71. Ke2 Bd2 72. Bg6 e5 73. Bc2 Bf4 74. Kf3 Bc1 75. Ke2 Kd5 76. Kf3 Ba3 77. Bb3+ Kd4 78. Bc2 Bc1 79. Bb1 Bd2 80. Bc2 Bf4 81. Bb1 Kc4 82. Bc2 Kb4 83. Ke2 Kc4 0-1

[Event "4th GRENKE Open 2019"]
[Site "Karlsruhe"]
[Date "2019.04.19"]
[Round "2.16"]
[White "Van Wely, Loek"]
[Black "Chittka, Julius"]
[Result "1-0"]
[WhiteElo "2612"]
[BlackElo "2268"]
[Annotator "TA"]
[PlyCount "57"]
[EventDate "2019.04.18"]
[EventType "swiss"]
[EventCountry "GER"]
[SourceTitle "playchess.com"]
[Source "ChessBase"]
[SourceQuality "1"]

1. c4 c5 2. Nf3 Nc6 3. d4 cxd4 4. Nxd4 Nf6 5. Nc3 e6 6. g3 Bb4 7. Bg2 O-O 8. O-O a6 9. Bf4 Qb6 10. Nb3 Bxc3 11. c5 Qd8 12. bxc3 e5 13. Be3 Qe7 14. Qd6 Ne8 15. Qxe7 Nxe7 16. Rfd1 Nc7 17. Na5 Nc6 18. Nc4 Rb8 19. a4 Ne6 20. f4 exf4 21. gxf4 g6 22. Nd6 Ne7 23. Be4 f5 24. Bg2 Rd8 25. Rab1 Nc6 26. h4 h5 27. Kf2 Na5 28. Bd5 Kg7 29. Bxe6 1-0

[Event "4th GRENKE Open 2019"]
[Site "Karlsruhe"]
[Date "2019.04.19"]
[Round "2.17"]
[White "Agrest, Inna"]
[Black "Bluebaum, Matthias"]
[Result "0-1"]
[WhiteElo "2276"]
[BlackElo "2610"]
[Annotator "TA"]
[PlyCount "66"]
[EventDate "2019.04.18"]
[EventType "swiss"]
[EventCountry "GER"]
[SourceTitle "playchess.com"]
[Source "ChessBase"]
[SourceQuality "1"]

1. e4 c6 2. d4 d5 3. f3 e6 4. Nc3 Bb4 5. Bf4 Ne7 6. Qd3 O-O 7. O-O-O Nd7 8. Nge2 b5 9. h4 Nb6 10. h5 f6 11. g4 Bd6 12. e5 fxe5 13. Bxe5 b4 14. Nb1 Bxe5 15. dxe5 c5 16. f4 a5 17. Nd2 Qc7 18. Rh3 a4 19. Kb1 Ba6 20. Qg3 a3 21. b3 Nbc8 22. Nf3 Na7 23. Ng5 Qb6 24. f5 exf5 25. Nf4 Bxf1 26. Rxf1 Nb5 27. Nfe6 Nc3+ 28. Ka1 Ne4 29. Nxe4 Qxe6 30. Nxc5 fxg4 31. Rg1 Qf5 32. Rhh1 Qxc2 33. Na4 Rf2 0-1

[Event "4th GRENKE Open 2019"]
[Site "Karlsruhe"]
[Date "2019.04.19"]
[Round "2.18"]
[White "Svane, Rasmus"]
[Black "Bilchinski, Anton"]
[Result "1-0"]
[WhiteElo "2605"]
[BlackElo "2266"]
[Annotator "TA"]
[PlyCount "71"]
[EventDate "2019.04.18"]
[EventType "swiss"]
[EventCountry "GER"]
[SourceTitle "playchess.com"]
[Source "ChessBase"]
[SourceQuality "1"]

1. d4 Nf6 2. c4 e6 3. Nf3 b6 4. g3 Ba6 5. b3 Bb4+ 6. Bd2 Be7 7. Bg2 O-O 8. O-O c6 9. Qc2 d5 10. Rd1 Nbd7 11. a4 c5 12. a5 Qc8 13. cxd5 exd5 14. Nc3 Re8 15. Rdc1 Bf8 16. e3 g6 17. Ng5 Bb7 18. Qa2 Qd8 19. a6 Bc6 20. Rab1 Bh6 21. Nf3 Rc8 22. dxc5 bxc5 23. b4 cxb4 24. Rxb4 Bf8 25. Rbb1 Nb6 26. Nd4 Ba8 27. Bh3 Rc4 28. Bf1 Rc8 29. Bb5 Re7 30. Nce2 Ne4 31. Ba5 Nd6 32. Bc6 Rec7 33. Bxb6 axb6 34. Qxd5 Bxc6 35. Nxc6 Qf6 36. a7 1-0

[Event "4th GRENKE Open 2019"]
[Site "Karlsruhe"]
[Date "2019.04.19"]
[Round "2.19"]
[White "Welzel, Philipp"]
[Black "Bogner, Sebastian"]
[Result "0-1"]
[WhiteElo "2274"]
[BlackElo "2603"]
[Annotator "TA"]
[PlyCount "34"]
[EventDate "2019.04.18"]
[EventType "swiss"]
[EventCountry "GER"]
[SourceTitle "playchess.com"]
[Source "ChessBase"]
[SourceQuality "1"]

1. d4 Nf6 2. c4 e6 3. g3 c5 4. d5 exd5 5. cxd5 d6 6. Nc3 g6 7. Nf3 Bg7 8. Bg2 O-O 9. O-O Re8 10. Bf4 Na6 11. Re1 Bg4 12. h3 Bxf3 13. Bxf3 Nd7 14. Qb3 Ne5 15. Qxb7 Nb4 16. Bxe5 Bxe5 17. a3 Rb8 0-1

[Event "4th GRENKE Open 2019"]
[Site "Karlsruhe"]
[Date "2019.04.19"]
[Round "2.20"]
[White "Ter-Sahakyan, Samvel"]
[Black "Biastoch, Bennet"]
[Result "1/2-1/2"]
[WhiteElo "2601"]
[BlackElo "2261"]
[Annotator "RC"]
[PlyCount "94"]
[EventDate "2019.04.18"]
[EventType "swiss"]
[EventCountry "GER"]
[SourceTitle "playchess.com"]
[Source "ChessBase"]
[SourceQuality "1"]

1. e4 c5 2. Nf3 d6 3. d4 cxd4 4. Nxd4 Nf6 5. Nc3 a6 6. Be2 e5 7. Nf3 Be7 8. Bg5 Nbd7 9. a4 b6 10. Bc4 Bb7 11. Qe2 O-O 12. Bxf6 Nxf6 13. O-O Qc8 14. Rfd1 Nh5 15. g3 Nf6 16. Nd5 Nxd5 17. Bxd5 Bxd5 18. Rxd5 f5 19. c4 f4 20. Ra3 Qh3 21. a5 bxa5 22. Rdxa5 fxg3 23. fxg3 Rab8 24. Rd3 Bd8 25. Rxa6 Bb6+ 26. Kh1 Bd4 27. b3 Rf6 28. Qg2 Qh6 29. Qa2 Qh3 30. Qg2 Qh6 31. h4 Rbf8 32. Ra2 Qc1+ 33. Kh2 Qb1 34. Rad2 Bc5 35. Kh3 Qc1 36. Rc2 Qb1 37. Rcd2 Qc1 38. Rd1 Qh6 39. Qe2 Qh5 40. Nd4 Qxe2 41. Nxe2 Rf2 42. Nc3 h5 43. Nb5 Rb2 44. R1d2 Rb1 45. Rd1 Rb2 46. R1d2 Rb1 47. Rd1 Rb2 1/2-1/2

[Event "4th GRENKE Open 2019"]
[Site "Karlsruhe"]
[Date "2019.04.19"]
[Round "2.21"]
[White "Hecht, Carsten"]
[Black "Moussard, Jules"]
[Result "0-1"]
[WhiteElo "2273"]
[BlackElo "2598"]
[Annotator "RC"]
[PlyCount "65"]
[EventDate "2019.04.18"]
[EventType "swiss"]
[EventCountry "GER"]
[SourceTitle "playchess.com"]
[Source "ChessBase"]
[SourceQuality "1"]

1. e4 c5 2. Nf3 d6 3. d4 cxd4 4. Nxd4 Nf6 5. Nc3 a6 6. Bg5 Nbd7 7. Qe2 h6 8. Bh4 g6 9. f4 e5 10. fxe5 dxe5 11. O-O-O Qc7 12. Nb3 b5 13. Nd5 Nxd5 14. exd5 Bd6 15. Qd2 Bb7 16. Na5 Rc8 17. Nxb7 Qxb7 18. g4 Kf8 19. Bg2 Kg7 20. Rhf1 Rc4 21. Qe2 Rhc8 22. Be4 Nc5 23. Bg2 f5 24. h3 Qc7 25. Rf2 f4 26. g5 h5 27. Kb1 f3 28. Qxf3 Rxh4 29. Qf6+ Kh7 30. Qf7+ Qxf7 31. Rxf7+ Kg8 32. Rf6 Rd8 33. Rxg6+ 0-1

[Event "4th GRENKE Open 2019"]
[Site "Karlsruhe"]
[Date "2019.04.19"]
[Round "2.22"]
[White "Papp, Gabor"]
[Black "Schmider, Niklas"]
[Result "1-0"]
[WhiteElo "2598"]
[BlackElo "2260"]
[Annotator "TA"]
[PlyCount "67"]
[EventDate "2019.04.18"]
[EventType "swiss"]
[EventCountry "GER"]
[SourceTitle "playchess.com"]
[Source "ChessBase"]
[SourceQuality "1"]

1. e4 c5 2. Nf3 d6 3. d4 cxd4 4. Nxd4 Nf6 5. Nc3 a6 6. Bg5 Nbd7 7. Bc4 e6 8. O-O Qa5 9. f4 Qc5 10. Bb3 e5 11. fxe5 dxe5 12. Qh5 g6 13. Qh4 Bg7 14. Rxf6 Nxf6 15. Bxf6 Qxd4+ 16. Kh1 O-O 17. Rd1 Qe3 18. Nd5 Qe2 19. Ne7+ Kh8 20. Nxg6+ fxg6 21. Bxg7+ Kxg7 22. Qe7+ Kh6 23. Qxf8+ Kg5 24. Qe7+ Kh6 25. Qh4+ Kg7 26. Re1 Qb5 27. Qe7+ Kh6 28. Qf8+ Kg5 29. c4 Qd7 30. h4+ Kxh4 31. Qh6+ Kg3 32. Re3+ Kg4 33. Kh2 g5 34. Qh3+ 1-0

[Event "4th GRENKE Open 2019"]
[Site "Karlsruhe"]
[Date "2019.04.19"]
[Round "2.23"]
[White "Ragger, Anna-Christina"]
[Black "Van Foreest, Jorden"]
[Result "0-1"]
[WhiteElo "2270"]
[BlackElo "2598"]
[Annotator "TA"]
[PlyCount "96"]
[EventDate "2019.04.18"]
[EventType "swiss"]
[EventCountry "GER"]
[SourceTitle "playchess.com"]
[Source "ChessBase"]
[SourceQuality "1"]

1. d4 Nf6 2. Bf4 d5 3. e3 c5 4. c3 Nc6 5. Nd2 Bf5 6. Ngf3 e6 7. Bb5 Qb6 8. Qa4 a6 9. Bxc6+ bxc6 10. dxc5 Bxc5 11. Nd4 O-O 12. Nxf5 exf5 13. Qc2 Nh5 14. O-O Nxf4 15. exf4 g6 16. b4 Bd6 17. g3 a5 18. bxa5 Rxa5 19. c4 Ra3 20. cxd5 cxd5 21. Nb1 Ra5 22. a4 Bb4 23. Rd1 Re8 24. Ra2 h5 25. h4 Qa6 26. Qb2 Bf8 27. Nc3 Qc4 28. Nb5 Rb8 29. Rd2 Rba8 30. Qd4 Rxa4 31. Rxa4 Rxa4 32. Qxc4 dxc4 33. Rd8 Rb4 34. Nc3 Rb3 35. Nd5 Kg7 36. Rc8 Rd3 37. Ne3 c3 38. Kg2 Be7 39. Kf3 Bf6 40. Ke2 Rd2+ 41. Kf3 Bd4 42. Rc7 Kf6 43. Rc8 Ke6 44. g4 hxg4+ 45. Kg3 Bxe3 46. fxe3 c2 47. e4 fxe4 48. Kxg4 e3 0-1

[Event "4th GRENKE Open 2019"]
[Site "Karlsruhe"]
[Date "2019.04.19"]
[Round "2.24"]
[White "Indjic, Aleksandar"]
[Black "Hoffmann, Hendrik"]
[Result "1-0"]
[WhiteElo "2592"]
[BlackElo "2258"]
[Annotator "TA"]
[PlyCount "84"]
[EventDate "2019.04.18"]
[EventType "swiss"]
[EventCountry "GER"]
[SourceTitle "playchess.com"]
[Source "ChessBase"]
[SourceQuality "1"]

1. d4 d5 2. Nf3 Nf6 3. c4 dxc4 4. e3 e6 5. Bxc4 c5 6. O-O a6 7. Bb3 Nc6 8. Qe2 b5 9. Nc3 Bb7 10. Rd1 Qb6 11. d5 exd5 12. Nxd5 Nxd5 13. Bxd5 Be7 14. e4 O-O 15. Be3 Nb4 16. Bxb7 Qxb7 17. a3 Nc6 18. Rd5 c4 19. Rad1 Rac8 20. h4 c3 21. bxc3 Bxa3 22. Qa2 Be7 23. Rd7 Rc7 24. Rxc7 Qxc7 25. Qxa6 Ne5 26. Qxb5 Nxf3+ 27. gxf3 Qxc3 28. h5 h6 29. Kg2 Qb4 30. Qf5 Ra8 31. Rd7 Ra5 32. e5 Ra1 33. e6 Qh4 34. Qxf7+ Kh8 35. Qxe7 Qh1+ 36. Kg3 Rg1+ 37. Kf4 Rg5 38. Ke4 Qb1+ 39. Rd3 Rb5 40. Qe8+ Kh7 41. Qg6+ Kh8 42. Kf4 Qb4+ 1-0

[Event "4th GRENKE Open 2019"]
[Site "Karlsruhe"]
[Date "2019.04.19"]
[Round "2.25"]
[White "Fuchs, Judith"]
[Black "Kozul, Zdenko"]
[Result "0-1"]
[WhiteElo "2268"]
[BlackElo "2589"]
[Annotator "TA"]
[PlyCount "76"]
[EventDate "2019.04.18"]
[EventType "swiss"]
[EventCountry "GER"]
[SourceTitle "playchess.com"]
[Source "ChessBase"]
[SourceQuality "1"]

1. e4 c5 2. Nf3 Nc6 3. Nc3 d6 4. d4 cxd4 5. Nxd4 Nf6 6. Bg5 e6 7. Qd2 Qb6 8. Nb3 a6 9. O-O-O Be7 10. Bxf6 Bxf6 11. f4 O-O 12. g4 Qb4 13. Qxd6 Bxc3 14. bxc3 Qxc3 15. Qd3 Qb4 16. Kb2 Qe7 17. Qe3 Rd8 18. Rxd8+ Qxd8 19. e5 b6 20. Bd3 Bb7 21. Rd1 Qc7 22. Qh3 g6 23. c3 Rc8 24. Bb1 Ne7 25. Rd4 b5 26. Nd2 a5 27. Ne4 Bxe4 28. Bxe4 b4 29. c4 Nd5 30. Bxd5 exd5 31. Qe3 dxc4 32. f5 c3+ 33. Kc1 Qc6 34. e6 fxe6 35. fxg6 hxg6 36. Qg5 e5 37. Rd8+ Rxd8 38. Qxd8+ Kf7 0-1

[Event "4th GRENKE Open 2019"]
[Site "Karlsruhe"]
[Date "2019.04.19"]
[Round "2.26"]
[White "Bluebaum, Karl-Ernst"]
[Black "Bernadskiy, Vitaliy"]
[Result "1/2-1/2"]
[WhiteElo "2266"]
[BlackElo "2587"]
[Annotator "TA"]
[PlyCount "92"]
[EventDate "2019.04.18"]
[EventType "swiss"]
[EventCountry "GER"]
[SourceTitle "playchess.com"]
[Source "ChessBase"]
[SourceQuality "1"]

1. d4 g6 2. c4 Bg7 3. e4 d6 4. Nc3 Nf6 5. Nf3 O-O 6. Be2 c6 7. Be3 a6 8. O-O b5 9. Qc2 Bg4 10. cxb5 axb5 11. a3 Na6 12. h3 Bxf3 13. Bxf3 b4 14. Ne2 Rc8 15. Qc4 Qb6 16. Rfc1 Nd7 17. Bg4 Rfd8 18. axb4 Nxb4 19. Ra4 Rb8 20. Rca1 d5 21. Qxb4 Qxb4 22. Rxb4 Rxb4 23. Bxd7 dxe4 24. Bxc6 Rxb2 25. Re1 f5 26. d5 Be5 27. g3 Rdb8 28. Kg2 Kf7 29. Nd4 h6 30. Rd1 R8b4 31. h4 Kf6 32. Ne6 R4b3 33. Re1 Kf7 34. Kh3 Rc3 35. Ra1 Rb8 36. Ra6 Rh8 37. Kg2 Bf6 38. Bf4 Rc2 39. Rb6 Ra2 40. Rb7 Ra1 41. Bxh6 Rxh6 42. Be8+ Kg8 43. Rb8 Kh7 44. Nf8+ Kg7 45. Ne6+ Kh7 46. Nf8+ Kg7 1/2-1/2

[Event "4th GRENKE Open 2019"]
[Site "Karlsruhe"]
[Date "2019.04.19"]
[Round "2.27"]
[White "Donchenko, Alexander"]
[Black "Bus, Konrad"]
[Result "1-0"]
[WhiteElo "2584"]
[BlackElo "2255"]
[Annotator "TA"]
[PlyCount "95"]
[EventDate "2019.04.18"]
[EventType "swiss"]
[EventCountry "GER"]
[SourceTitle "playchess.com"]
[Source "ChessBase"]
[SourceQuality "1"]

1. Nf3 d5 2. g3 g6 3. Bg2 Bg7 4. d4 c6 5. O-O Nf6 6. b3 O-O 7. Bb2 a5 8. c4 a4 9. Na3 axb3 10. Qxb3 Qa5 11. Ne5 Nbd7 12. Rfc1 Nxe5 13. dxe5 Ne4 14. cxd5 cxd5 15. Nb5 Nd2 16. Qxd5 Be6 17. Qc5 Rfc8 18. Nc7 Bc4 19. Qxa5 Rxa5 20. Nd5 Rd8 21. Bc3 Raxd5 22. Bxd5 Rxd5 23. Bxd2 Rxd2 24. Rxc4 Bxe5 25. Rb1 Rxa2 26. Kf1 Ra7 27. Rcb4 h5 28. Rxb7 Rxb7 29. Rxb7 e6 30. h3 Kg7 31. Rd7 Bc3 32. Kg2 Bb4 33. Rc7 Ba5 34. Rc6 Bb4 35. Kf3 Kf6 36. Ke4 Be1 37. Rc1 Bd2 38. Rb1 Bc3 39. Kd3 Ba5 40. Kc4 Ke7 41. Kc5 Bc3 42. Kc6 Bd4 43. Rb7+ Kf8 44. e3 Bc3 45. Kd7 Be1 46. Rb2 Kg7 47. Ke8 Kg8 48. Ra2 1-0

[Event "4th GRENKE Open 2019"]
[Site "Karlsruhe"]
[Date "2019.04.19"]
[Round "2.28"]
[White "Goganov, Aleksey"]
[Black "Trifan, Andrei Ioan"]
[Result "1/2-1/2"]
[WhiteElo "2580"]
[BlackElo "2252"]
[Annotator "TA"]
[PlyCount "91"]
[EventDate "2019.04.18"]
[EventType "swiss"]
[EventCountry "GER"]
[SourceTitle "playchess.com"]
[Source "ChessBase"]
[SourceQuality "1"]

1. e4 e5 2. Nf3 Nc6 3. Bc4 Bc5 4. d3 Nf6 5. O-O O-O 6. h3 h6 7. Re1 a6 8. a4 d6 9. c3 Ba7 10. Nbd2 Re8 11. Nf1 Be6 12. Bxe6 Rxe6 13. b4 d5 14. Qc2 b5 15. Be3 Bxe3 16. Nxe3 Rc8 17. Rad1 Ne7 18. axb5 axb5 19. d4 exd4 20. exd5 Nexd5 21. Nxd4 Nxe3 22. fxe3 Re4 23. Nxb5 Qe7 24. Rd3 Re8 25. Qf2 Qe5 26. Nd4 Nd5 27. Nf3 Qe6 28. Nd2 Re5 29. e4 f5 30. Rd1 fxe4 31. Nxe4 Nxb4 32. Nf6+ Qxf6 33. Qxf6 Re1+ 34. Qf1 Rxf1+ 35. Kxf1 Nxd3 36. Rxd3 Kf7 37. Kf2 Re7 38. Rd4 Kf6 39. Kf3 Re5 40. Rc4 c5 41. Ra4 g6 42. Ra6+ Kg7 43. Rc6 h5 44. g4 hxg4+ 45. hxg4 g5 46. c4 1/2-1/2

[Event "4th GRENKE Open 2019"]
[Site "Karlsruhe"]
[Date "2019.04.19"]
[Round "2.29"]
[White "Kristensen, Kaare Hove"]
[Black "Lopez Martinez, Josep Manuel"]
[Result "1-0"]
[WhiteElo "2259"]
[BlackElo "2578"]
[Annotator "TA"]
[PlyCount "83"]
[EventDate "2019.04.18"]
[EventType "swiss"]
[EventCountry "GER"]
[SourceTitle "playchess.com"]
[Source "ChessBase"]
[SourceQuality "1"]

1. d4 Nf6 2. c4 e6 3. Nc3 Bb4 4. f3 Nc6 5. Bg5 d5 6. e3 h6 7. Bh4 Qe7 8. Qd2 Na5 9. cxd5 exd5 10. Bd3 Nc4 11. Bxc4 dxc4 12. Nge2 g5 13. Bf2 b6 14. O-O-O Bb7 15. e4 O-O-O 16. h4 Nd7 17. Be3 f6 18. Ng3 Nc5 19. Nf5 Qe8 20. Qe2 Nd3+ 21. Rxd3 cxd3 22. Qxd3 Kb8 23. g4 Bxc3 24. Qxc3 h5 25. Ng7 Qf7 26. Nxh5 Qxa2 27. Kd2 gxh4 28. Nxf6 Qf7 29. g5 h3 30. Bf4 Ka8 31. Ke3 Qg6 32. Rh2 Rh4 33. Qxc7 Rc8 34. Qd6 Rhh8 35. Nd5 Qxd6 36. Bxd6 Bxd5 37. exd5 Rc1 38. Be5 Rh5 39. f4 Rg1 40. d6 Rg2 41. Rh1 Rg3+ 42. Ke4 1-0

[Event "4th GRENKE Open 2019"]
[Site "Karlsruhe"]
[Date "2019.04.19"]
[Round "2.30"]
[White "Schroeder, Jan-Christian"]
[Black "Bomans, Arno"]
[Result "1-0"]
[WhiteElo "2577"]
[BlackElo "2250"]
[Annotator "TA"]
[PlyCount "79"]
[EventDate "2019.04.18"]
[EventType "swiss"]
[EventCountry "GER"]
[SourceTitle "playchess.com"]
[Source "ChessBase"]
[SourceQuality "1"]

1. e4 c5 2. Nf3 e6 3. d4 cxd4 4. Nxd4 a6 5. g3 Ne7 6. Bg2 Nbc6 7. Nb3 h5 8. O-O h4 9. Be3 d6 10. c4 Ng6 11. Qe2 Qc7 12. f4 hxg3 13. hxg3 b6 14. Nc3 Be7 15. Rac1 Bd7 16. Nd5 exd5 17. cxd5 Qb7 18. dxc6 Bxc6 19. Qc2 Rc8 20. Nd4 Bd7 21. Qb3 O-O 22. e5 Qb8 23. e6 Rxc1 24. Rxc1 fxe6 25. Nxe6 Rf7 26. Bd5 Nh8 27. Bd4 Bf6 28. Bxf6 gxf6 29. Nd4 b5 30. Re1 Qb6 31. Qe3 Qc5 32. Bxf7+ Nxf7 33. Rc1 Qh5 34. Rc7 Qh3 35. Qf3 Nh6 36. f5 Be8 37. Rc8 Kf8 38. Ne6+ Ke7 39. Rxe8+ Kxe8 40. Qc6+ 1-0

[Event "4th GRENKE Open 2019"]
[Site "Karlsruhe"]
[Date "2019.04.19"]
[Round "2.31"]
[White "Lavrinenkov, Vadim"]
[Black "Wagner, Dennis"]
[Result "1/2-1/2"]
[WhiteElo "2256"]
[BlackElo "2577"]
[Annotator "TA"]
[PlyCount "163"]
[EventDate "2019.04.18"]
[EventType "swiss"]
[EventCountry "GER"]
[SourceTitle "playchess.com"]
[Source "ChessBase"]
[SourceQuality "1"]

1. d4 Nf6 2. Nf3 g6 3. Bg5 Bg7 4. Nbd2 O-O 5. c3 d6 6. e4 c5 7. d5 h6 8. Bh4 e6 9. dxe6 Bxe6 10. Be2 Nc6 11. O-O a6 12. a4 Qb6 13. Qc2 Na5 14. Rfe1 d5 15. exd5 Nxd5 16. Bg3 Rfd8 17. Ne5 Bf5 18. Qc1 Qf6 19. Bf3 h5 20. Nec4 Nxc4 21. Nxc4 a5 22. Bd6 Rxd6 23. Nxd6 Qxd6 24. Qd2 Be6 25. Rad1 Rd8 26. c4 Bd4 27. cxd5 Bxd5 28. Bxd5 Qxd5 29. Qxa5 Kg7 30. b4 Rc8 31. bxc5 Rxc5 32. Qd2 Rc4 33. Qa2 Qc6 34. Re7 Qxa4 35. Qxa4 Rxa4 36. Rxb7 Ra2 37. Rf1 h4 38. Rb3 g5 39. g3 hxg3 40. Rxg3 Kh6 41. Rg2 Kh5 42. Kh1 Be5 43. f3 Ra4 44. Re2 f6 45. Rg1 Rh4 46. Rd1 Kg6 47. Rg2 Kf5 48. Rf1 Bf4 49. Ra2 Be5 50. Rff2 Bd4 51. Rfd2 Be5 52. Kg1 Rh3 53. Rf2 Rh4 54. Ra5 Ke6 55. Re2 Kf5 56. Kf1 Rh3 57. Rf2 Rh4 58. Kg1 Kg6 59. Rg2 Bd4+ 60. Kh1 Be5 61. Raa2 Kf5 62. Raf2 Bd4 63. Rf1 Be5 64. Rc1 Rh3 65. Rf2 Rh4 66. Rcc2 Bd4 67. Rfe2 Be5 68. Kg1 Rh3 69. Rf2 Rh4 70. Kf1 Bd4 71. Rg2 Be5 72. Ke1 Rh3 73. Rcf2 Bd4 74. Rf1 Be5 75. Ke2 Rxh2 76. Rxh2 Bxh2 77. Ra1 g4 78. Ra4 gxf3+ 79. Kxf3 Bd6 80. Ra6 Bc7 81. Rxf6+ Kxf6 82. Ke4 1/2-1/2

[Event "4th GRENKE Open 2019"]
[Site "Karlsruhe"]
[Date "2019.04.19"]
[Round "2.32"]
[White "Kollars, Dmitrij"]
[Black "Kitze, Alexander"]
[Result "1/2-1/2"]
[WhiteElo "2570"]
[BlackElo "2250"]
[Annotator "TA"]
[PlyCount "116"]
[EventDate "2019.04.18"]
[EventType "swiss"]
[EventCountry "GER"]
[SourceTitle "playchess.com"]
[Source "ChessBase"]
[SourceQuality "1"]

1. e4 c5 2. Nc3 Nc6 3. Nf3 d6 4. d4 cxd4 5. Nxd4 Nf6 6. Bg5 e6 7. Qd2 a6 8. O-O-O Be7 9. f4 Nxd4 10. Qxd4 b5 11. Bxf6 gxf6 12. e5 d5 13. Kb1 Bd7 14. f5 fxe5 15. Qxe5 Bf6 16. Qg3 Qa5 17. fxe6 fxe6 18. Be2 O-O-O 19. Bg4 Rhg8 20. Qh3 Qb4 21. Bxe6 Bxc3 22. Bxd7+ Rxd7 23. Qxc3+ Qxc3 24. bxc3 Rxg2 25. Rd3 Kc7 26. h3 Kc6 27. Rhd1 Rd6 28. Kb2 Rh2 29. Kb3 Re6 30. Rxd5 Rxh3 31. Rd8 Kb6 32. R1d4 Rc6 33. Rd3 Rh2 34. R8d4 Rh5 35. Rf4 Rhc5 36. Rf8 h5 37. Rh8 Rg6 38. Rh3 Rgg5 39. Rh6+ Ka5 40. Rd3 Rgd5 41. Rd4 Rxd4 42. cxd4 Rg5 43. c3 Rf5 44. a3 Rg5 45. Rd6 Rg1 46. Rh6 Rh1 47. Rh8 h4 48. Rh5 h3 49. Rh6 Rb1+ 50. Kc2 Rh1 51. Kb2 Rh2+ 52. Kb3 Rh1 53. Kc2 Rh2+ 54. Kb3 Rh1 55. Rh5 Rb1+ 56. Kc2 Rh1 57. Rh6 Rh2+ 58. Kb3 Rh1 1/2-1/2

[Event "4th GRENKE Open 2019"]
[Site "Karlsruhe"]
[Date "2019.04.19"]
[Round "2.33"]
[White "Poeck, Ole"]
[Black "Gareyev, Timur"]
[Result "0-1"]
[WhiteElo "2254"]
[BlackElo "2560"]
[Annotator "TA"]
[PlyCount "52"]
[EventDate "2019.04.18"]
[EventType "swiss"]
[EventCountry "GER"]
[SourceTitle "playchess.com"]
[Source "ChessBase"]
[SourceQuality "1"]

1. d4 Nf6 2. c4 e6 3. Nf3 b6 4. g3 Ba6 5. b3 c6 6. Bg2 d5 7. Ne5 Nbd7 8. Nd3 dxc4 9. bxc4 Bxc4 10. Bxc6 Rc8 11. Bg2 Bxd3 12. exd3 Bb4+ 13. Nd2 Bc3 14. Rb1 O-O 15. Qa4 e5 16. O-O Bxd4 17. Qxa7 Ng4 18. Nb3 Bxf2+ 19. Rxf2 Nxf2 20. Kxf2 Rc2+ 21. Kg1 Nc5 22. Be3 Qxd3 23. Re1 Qc3 24. Bd2 Rxd2 25. Nxd2 Qxd2 26. Rxe5 Qd4+ 0-1

[Event "4th GRENKE Open 2019"]
[Site "Karlsruhe"]
[Date "2019.04.19"]
[Round "2.34"]
[White "Neiksans, Arturs"]
[Black "Yuksel, Atilla Koksal"]
[Result "1/2-1/2"]
[WhiteElo "2559"]
[BlackElo "2248"]
[Annotator "TA"]
[PlyCount "119"]
[EventDate "2019.04.18"]
[EventType "swiss"]
[EventCountry "GER"]
[SourceTitle "playchess.com"]
[Source "ChessBase"]
[SourceQuality "1"]

1. c4 e6 2. Nf3 b6 3. g3 Bb7 4. Bg2 f5 5. O-O Nf6 6. d4 g6 7. Nc3 Bg7 8. d5 O-O 9. Qc2 Na6 10. Rd1 Qc8 11. Bf4 Re8 12. Rac1 Nh5 13. Bd2 Nf6 14. a3 Nc5 15. Ng5 h6 16. Nh3 Kh7 17. b4 Nce4 18. Nxe4 fxe4 19. Bc3 e5 20. g4 d6 21. g5 Nh5 22. Qxe4 Qf5 23. Qxf5 gxf5 24. Bf3 Kg6 25. gxh6 Bxh6 26. e3 Nf6 27. Kh1 Kf7 28. Rg1 Rg8 29. Rxg8 Rxg8 30. Rg1 Rxg1+ 31. Kxg1 b5 32. cxb5 Bxd5 33. Bxd5+ Nxd5 34. Bd2 Nb6 35. Kf1 Nc4 36. Bc1 d5 37. f4 e4 38. Ke2 Kg6 39. Kd1 Kh5 40. Kc2 Kg4 41. Ng5 Bxg5 42. fxg5 Kxg5 43. Kc3 Nd6 44. Kd4 Nxb5+ 45. Kxd5 Kg4 46. Kc6 Nc3 47. Kxc7 Kf3 48. h4 Nd5+ 49. Kb7 Nxe3 50. Bxe3 Kxe3 51. h5 f4 52. h6 f3 53. h7 f2 54. h8=Q f1=Q 55. Qc3+ Qd3 56. Qc1+ Qd2 57. Qc5+ Qd4 58. Kxa7 Kd3 59. Qxd4+ Kxd4 60. b5 1/2-1/2

[Event "4th GRENKE Open 2019"]
[Site "Karlsruhe"]
[Date "2019.04.19"]
[Round "2.35"]
[White "Wild, Achim"]
[Black "Werle, Jan"]
[Result "0-1"]
[WhiteElo "2253"]
[BlackElo "2556"]
[Annotator "TA"]
[PlyCount "52"]
[EventDate "2019.04.18"]
[EventType "swiss"]
[EventCountry "GER"]
[SourceTitle "playchess.com"]
[Source "ChessBase"]
[SourceQuality "1"]

1. Nf3 d5 2. e3 Nf6 3. c4 e6 4. b3 Be7 5. Bb2 O-O 6. Nc3 c5 7. cxd5 exd5 8. d4 Nc6 9. Bb5 Bg4 10. dxc5 d4 11. exd4 Bxf3 12. Qxf3 Nxd4 13. Qd1 Nxb5 14. Nxb5 Qe8 15. Nc3 Bxc5+ 16. Qe2 Rd8 17. Rd1 Rxd1+ 18. Nxd1 Bb4+ 19. Kf1 Qc6 20. h4 Rd8 21. Bxf6 Qxf6 22. Kg1 Rd2 23. Qg4 Bc5 24. a4 Rxd1+ 25. Qxd1 Qxf2+ 26. Kh2 Qxh4# 0-1